Liedtext - HEY BABY - DJ Ötzi - Statistiken

Allgemein
  • Dieses Quiz wurde 209 mal gespielt
  • Das Durchschnittsergebnis liegt bei 132 aus 234
Antwortstatistiken
Liedtext % Korrekt
baby
99%
hey
99%
I
95%
i
95%
y
87%
you
86%
be
85%
when
85%
girl
84%
my
83%
a
82%
know
81%
if
79%
wanna
75%
your
36%
to
35%
the
33%
me
32%
you'll
32%
walk
27%
want
25%
and
24%
on
24%
down
21%
so
20%
gonna
19%
in
19%
street
19%
saw
17%
mine
16%
now
16%
say
16%
walking
16%
come
15%
her
13%
I'm
13%
like
13%
of
13%
pretty
13%
all
12%
away
12%
make
12%
fine
11%
meet
11%
She's
11%
give
10%
that's
10%
time
9%
I'd
8%
it's
8%
yeah
8%
everybody
7%
hands
7%
kind
7%
said
7%
sing
7%
turn
7%
air
5%
dos
5%
gentleman
5%
house
5%
ladies
5%
looks
5%
ok
5%
put
5%
senoritas
5%
tres
5%
uno
5%
up
5%
caballeros
4%
just
4%
Okay
4%
party
4%
quatro
4%
whirl
3%
Keine übereinstimmenden Quizze gefunden
Verteilung der Resultate
Anzahl Personen mit jedem Resultat
Perzentil nach korrekt beantworteten Fragen
Ihre Resultats-Entwicklung
Sie haben dieses Quiz noch nicht gespielt